Normatívne a deskriptívne ponímanie rozhodovania inauguračná prednáška
Salvato in:
| Autore principale: | |
|---|---|
| Ente Autore: | |
| Natura: | Libro |
| Lingua: | slovacco |
| Pubblicazione: |
Bratislava
Vydavateľstvo EKONÓM
2018
|
| Edizione: | 1. vydanie |
| Serie: | Habilitačné a inauguračné prednášky
|
| Soggetti: | |
| Tags: |
Nessun Tag, puoi essere il primo ad aggiungerne!!
|
MARC
| LEADER | 00000nam a2200000 4500 | ||
|---|---|---|---|
| 001 | 0254407 | ||
| 005 | 20240318125710.7 | ||
| 041 | 0 | |a slo | |
| 044 | |a SK | ||
| 245 | 1 | 0 | |a Normatívne a deskriptívne ponímanie rozhodovania |b inauguračná prednáška |c Nadežda Jankelová |
| 250 | |a 1. vydanie | ||
| 264 | 1 | |a Bratislava |b Vydavateľstvo EKONÓM |c 2018 | |
| 300 | |a 114 s. | ||
| 490 | 1 | |a Habilitačné a inauguračné prednášky | |
| 830 | 0 | |a Habilitačné a inauguračné prednášky | |
| 610 | 2 | 0 | |a rozhodovanie |
| 610 | 2 | 0 | |a normatívy |
| 610 | 2 | 0 | |a modely |
| 610 | 2 | 0 | |a racionalita |
| 610 | 2 | 0 | |a emócie |
| 610 | 2 | 0 | |a kríza hospodárska |
| 610 | 2 | 0 | |a rozhodovanie strategické |
| 610 | 2 | 0 | |a výskum |
| 100 | 1 | |a Jankelová, Nadežda, 1966- | |
| 710 | 2 | |a Ekonomická univerzita v Bratislave. Fakulta podnikového manažmentu | |